| 000 | 00461nam a2200169 4500 | ||
|---|---|---|---|
| 020 | _a9789348164674 | ||
| 082 |
_aM100 7 _bJAI/P |
||
| 100 | _aJaisymol Augustine | ||
| 245 |
_aP. kairaliyude kavyagopuram/ _cby Jaisymol Augustine |
||
| 260 |
_aS.L.: _bJaisymol Augustine, _c2025. |
||
| 300 | _a104p. | ||
| 650 | _aPoetry P Kunjiraman Nair Study | ||
| 650 | _aPoetry Malayalam Study | ||
| 650 | _aLiterature Malayalam | ||
| 650 | _aLiterature | ||
| 942 | _cBK | ||
| 999 |
_c182060 _d182060 |
||